Dutch train stations - sudden death - Statistics

General Stats
  • This quiz has been taken 70 times
    63 since last reset
  • The average score is 16 of 49
Answers on the Grid
Answers color-coded by a green-red scale on the quiz's grid according to % correct below.
Almere Oostvaarders
America
Amsterdam Centraal
Anna Palowna
Artis Zoo
Beek-Elsloo
Blaricum
Bremen
Bunnik
Capelle Schollevaar
Corpus Leiden
Daarlerveen
Delft Campus
Den Haag Laan van NOI
Dieteren
Deventer
Dorpen
Duivendrecht
Echt
Eerste Kamer
Eindhoven Centraal
Emden
Enschede De Eschmarke
Eygelshoven Markt
Friedrichshafen
Feanwâlden
Gatwick
GaiaZOO
Gent Centraal
Gouda
Groningen Europapark
Grou-Jirnsum
Hardinxveld Blauwe Zoom
Hendrik
Hilversum Media Park
Hondwijk
Hoogezand-Sappemeer
Huilen
Indiëmonument
Kesteren
Kropswolde
Kruiningen-Yerseke
Laagland
Lindedorp Engelsstraat
Maastricht Noord
Mook Molenhoek
Nieuwerkerk aan de IJssel
Noordwijk Centrum
Nuth
Oisterwijk
Oss
Patterson
Pretpark Efteling
Rheden
Rhenen
Rotterdam Alexander
Rotterdam Oost
Rotterdam Zuid
Scheveningen
Schiphol Airport
Sittard
Soest
Stedum
Tiel Passewaaij
Tweelingendam
Uiterwaarden West
Venlo
Voorburg
Vroomshoop
Vyborg
Wafelkraam
Westervoort
Winschoten Noord
Winterswijk West
Wormerveer
Wulven
Zetten-Andelst
Zoetermeer
Zomerse Dijk
Zwolle Stadshagen
 
Answer Stats
Answer % Correct
Amsterdam Centraal
75%
Almere Oostvaarders
64%
Anna Palowna
50%
Gouda
47%
Eindhoven Centraal
44%
Bunnik
42%
Capelle Schollevaar
42%
Delft Campus
42%
Deventer
39%
Duivendrecht
39%
Groningen Europapark
39%
Hilversum Media Park
39%
Venlo
39%
Den Haag Laan van NOI
36%
Grou-Jirnsum
36%
Maastricht Noord
36%
Oisterwijk
36%
Rhenen
36%
Rotterdam Alexander
36%
Beek-Elsloo
33%
Echt
33%
Kruiningen-Yerseke
33%
Oss
33%
Rotterdam Zuid
33%
Hoogezand-Sappemeer
31%
Nieuwerkerk aan de IJssel
31%
Schiphol Airport
31%
Sittard
31%
Enschede De Eschmarke
28%
Soest
28%
Eygelshoven Markt
25%
Feanwâlden
25%
Mook Molenhoek
25%
Rheden
25%
Tiel Passewaaij
25%
Voorburg
25%
Westervoort
25%
Winterswijk West
25%
Zoetermeer
25%
Zwolle Stadshagen
25%
Daarlerveen
22%
Hardinxveld Blauwe Zoom
22%
Vroomshoop
22%
Wormerveer
22%
Kropswolde
19%
Nuth
19%
Zetten-Andelst
19%
Kesteren
17%
Stedum
17%
No matching quizzes found
Score Distribution
Percent of People with Each Score
Percentile by Number Answered
Your Score History
You have not taken this quiz since the last reset